Word scramble - Countries - Statistics

General Stats
  • This quiz has been taken 39 times
  • The average score is 13 of 15
Answer Stats
Hint Answer % Correct
giubelm Belgium
97%
aviolib Bolivia
97%
anopld Poland
94%
hnica China
91%
amtla Malta
91%
ulaeezven Venezuela
91%
lyasamai Malaysia
84%
rotlguap Portugal
84%
tqraa Qatar
84%
sirsua Russia
84%
aikruen Ukraine
84%
aiwtna Taiwan
81%
uutalv Tuvalu
81%
tiruamania Mauritania
75%
istnaruktmne Turkmenistan
75%
No matching quizzes found
Score Distribution
Percent of People with Each Score
Percentile by Number Answered
Your Score History
You have not taken this quiz